Biggest Cities by Nordic Region on a Map - Statistics

General Stats
  • This quiz has been taken 519 times
  • The average score is 19 of 37
Answers on the Map
Answers color-coded by a green-red scale on the quiz's map according to % correct below.
 
Answer Stats
Pop City % Correct
1,29 m Copenhagen
98%
634 k Oslo
97%
952 k Stockholm
97%
648 k Helsinki
96%
118 k Reykjavík
92%
278 k Bergen
90%
565 k Gothenburg
90%
334 k Malmö
90%
18,3 k Nuuk
86%
269 k Aarhus
83%
190 k Trondheim
75%
202 k Oulu
70%
221 k Uppsala
70%
113 k Aalborg
68%
234 k Tampere
68%
176 k Odense
65%
130 k Stavanger
60%
281 k Espoo
57%
12,5 k Tórshavn
49%
2,3 k Longyearbyen
47%
90,5 k Kristiansand
46%
72,2 k Esbjerg
40%
158 k Jönköping
39%
226 k Vantaa
38%
11,3 k Mariehamn
37%
17,6 k Akureyri
36%
14,1 k Reykjanesbær
34%
31,7 k Kópavogur
20%
26,8 k Hafnarfjörður
15%
35 Ny-Ålesund
13%
471 Barentsburg
12%
4,6 k Klaksvík
11%
5,5 k Sisimiut
10%
4,3 k Jomala
9%
2,5 k Finström
8%
4,6 k Ilulissat
8%
2,9 k Hoyvík
7%
No matching quizzes found
Score Distribution
Percent of People with Each Score
Percentile by Number Answered
Your Score History
You have not taken this quiz